[Event "GBR-ch76"]
[Site "Plymouth"]
[Date "1989.08.07"]
[Round "7.3"]
[White "McDonald, Neil R"]
[Black "Adams, Michael"]
[Result "1/2-1/2"]
[WhiteElo "2360"]
[BlackElo "2505"]
[PlyCount "89"]
[EventDate "1989.07.31"]
[EventType "swiss"]
[EventRounds "11"]
[EventCountry "GBR"]
[SourceTitle "BritBase"]
[Source "John Saunders"]
[SourceDate "2023.12.16"]
[SourceVersion "1"]
[SourceVersionDate "2023.12.16"]
[SourceQuality "1"]

1. e4 c6 2. d3 d5 3. Nd2 g6 4. g3 Bg7 5. Bg2 e5 6. Ngf3 Ne7 7. O-O O-O 8. b4
Na6 9. a3 c5 10. c3 d4 11. Bb2 Bd7 12. Nc4 f6 13. cxd4 cxd4 14. Nd6 Bc6 15.
Qb3+ Bd5 16. exd5 Qxd6 17. Nd2 Kh8 18. Ne4 Qb6 19. d6 Nf5 20. Qd5 Rad8 21. Rac1
Bh6 22. Rc2 Nc7 23. Rxc7 Qxc7 24. dxc7 Rxd5 25. Nxf6 Rd6 26. Bxb7 Rdxf6 27.
c8=Q Rxc8 28. Bxc8 Rc6 29. Bxf5 gxf5 30. f4 Kg8 31. Kg2 Kf7 32. b5 Rc5 33. a4
Ke6 34. Rf2 Kd5 35. fxe5 Kxe5 36. Re2+ Kd5 37. Kf3 Be3 38. g4 fxg4+ 39. Kxg4
Rc8 40. Rg2 a6 41. b6 Rb8 42. a5 Rg8+ 43. Kf3 Rxg2 44. Kxg2 Kc6 45. Kf3 1/2-1/2

[Event "GBR-ch76"]
[Site "Plymouth"]
[Date "1989.08.07"]
[Round "7.4"]
[White "Watson, William Nicholas"]
[Black "Flear, Glenn C"]
[Result "1/2-1/2"]
[WhiteElo "2495"]
[BlackElo "2435"]
[PlyCount "23"]
[EventDate "1989.07.31"]
[EventType "swiss"]
[EventRounds "11"]
[EventCountry "GBR"]
[SourceTitle "BritBase"]
[Source "John Saunders"]
[SourceDate "2023.12.16"]
[SourceVersion "1"]
[SourceVersionDate "2023.12.16"]
[SourceQuality "1"]

1. e4 e5 2. Nf3 Nc6 3. Bb5 a6 4. Ba4 Nf6 5. O-O Nxe4 6. d4 b5 7. Bb3 d5 8. dxe5
Be6 9. a4 b4 10. a5 Nc5 11. Bg5 Qd7 12. Nbd2 1/2-1/2

[Event "GBR-ch76"]
[Site "Plymouth"]
[Date "1989.08.07"]
[Round "7.5"]
[White "Levitt, Jonathan P"]
[Black "Arkell, Keith C"]
[Result "1/2-1/2"]
[WhiteElo "2480"]
[BlackElo "2450"]
[PlyCount "81"]
[EventDate "1989.07.31"]
[EventType "swiss"]
[EventRounds "11"]
[EventCountry "GBR"]
[SourceTitle "BritBase"]
[Source "John Saunders"]
[SourceDate "2023.12.16"]
[SourceVersion "1"]
[SourceVersionDate "2023.12.16"]
[SourceQuality "1"]

1. d4 Nf6 2. c4 e6 3. Nc3 Bb4 4. e3 b6 5. Nge2 Ba6 6. Ng3 Bxc3+ 7. bxc3 d5 8.
Qf3 O-O 9. cxd5 exd5 10. Bxa6 Nxa6 11. Qe2 Qc8 12. O-O c5 13. f3 Nc7 14. e4 Qa6
15. Qxa6 Nxa6 16. e5 Nd7 17. Nf5 Rfe8 18. f4 Nc7 19. Rb1 Red8 20. Ba3 g6 21.
Ne3 cxd4 22. cxd4 Ne6 23. Rbd1 Nb8 24. Be7 Rd7 25. Bd6 Nc6 26. Nxd5 Kg7 27.
Nxb6 axb6 28. d5 Ncd4 29. dxe6 Nxe6 30. a3 Rc8 31. Rb1 Rc6 32. g3 Nd4 33. Rfd1
Rcxd6 34. exd6 Ne2+ 35. Kf2 Nc3 36. Rbc1 Nxd1+ 37. Rxd1 Kf6 38. Kf3 Kf5 39. h3
h6 40. h4 Ke6 41. Ke3 1/2-1/2

[Event "GBR-ch76"]
[Site "Plymouth"]
[Date "1989.08.07"]
[Round "7.6"]
[White "Emms, John M"]
[Black "Hodgson, Julian M"]
[Result "0-1"]
[WhiteElo "2300"]
[BlackElo "2535"]
[PlyCount "54"]
[EventDate "1989.07.31"]
[EventType "swiss"]
[EventRounds "11"]
[EventCountry "GBR"]
[SourceTitle "BritBase"]
[Source "John Saunders"]
[SourceDate "2023.12.16"]
[SourceVersion "1"]
[SourceVersionDate "2023.12.16"]
[SourceQuality "1"]

1. e4 d6 2. d4 Nf6 3. Nc3 c6 4. f4 Qa5 5. Qf3 d5 6. e5 Ne4 7. Bd3 Na6 8. Nge2
Nb4 9. Bxe4 dxe4 10. Qxe4 f5 11. exf6 Bf5 12. Qf3 Nxc2+ 13. Kf2 O-O-O 14. g4
Nxa1 15. gxf5 Qxf5 16. Rd1 exf6 17. Ne4 Re8 18. N2c3 Kb8 19. d5 Bb4 20. dxc6
bxc6 21. Bd2 Nc2 22. Qd3 Bxc3 23. Qd6+ Kb7 24. Nxc3 Rd8 25. Qe7+ Rd7 26. Qe4
Qxe4 27. Nxe4 Rd5 0-1

[Event "GBR-ch76"]
[Site "Plymouth"]
[Date "1989.08.07"]
[Round "7.7"]
[White "Morris, Philip J"]
[Black "Mestel, A Jonathan"]
[Result "0-1"]
[WhiteElo "2345"]
[BlackElo "2520"]
[PlyCount "80"]
[EventDate "1989.07.31"]
[EventType "swiss"]
[EventRounds "11"]
[EventCountry "GBR"]
[SourceTitle "BritBase"]
[Source "John Saunders"]
[SourceDate "2023.12.16"]
[SourceVersion "1"]
[SourceVersionDate "2023.12.16"]
[SourceQuality "1"]

1. e4 c5 2. c3 d5 3. exd5 Qxd5 4. d4 Nf6 5. Nf3 Nc6 6. Be2 cxd4 7. cxd4 e6 8.
O-O Be7 9. Bf4 O-O 10. Nc3 Qa5 11. Qc2 Nd5 12. Bg3 Bd7 13. Qb3 Nxc3 14. bxc3 b6
15. c4 Rac8 16. d5 exd5 17. cxd5 Nb4 18. d6 Bf6 19. a3 Nd5 20. Rac1 Nc3 21. Bd3
Be6 22. Qb4 Qd5 23. Ba6 Rc5 24. Rfe1 Ra5 25. Rxc3 Bxc3 26. Qxc3 Rxa6 27. Nd4
Bd7 28. Re7 Qa2 29. h3 Rxa3 30. Qc7 Qb1+ 31. Kh2 Ra1 32. Be5 Qh1+ 33. Kg3 Rg1
34. Qxd7 Qxg2+ 35. Kf4 f6 36. Qe6+ Kh8 37. Re8 fxe5+ 38. Kxe5 Re1+ 39. Ne2
Rxe2+ 40. Kd4 Qxf2+ 0-1

[Event "GBR-ch76"]
[Site "Plymouth"]
[Date "1989.08.07"]
[Round "7.8"]
[White "Howell, James C"]
[Black "Barua, Dibyendu"]
[Result "1-0"]
[WhiteElo "2395"]
[BlackElo "2470"]
[PlyCount "67"]
[EventDate "1989.07.31"]
[EventType "swiss"]
[EventRounds "11"]
[EventCountry "GBR"]
[SourceTitle "BritBase"]
[Source "John Saunders"]
[SourceDate "2023.12.16"]
[SourceVersion "1"]
[SourceVersionDate "2023.12.16"]
[SourceQuality "1"]

1. e4 e5 2. Nf3 Nf6 3. d4 Nxe4 4. Bd3 d5 5. Nxe5 Nd7 6. Nxd7 Bxd7 7. O-O Qh4 8.
c4 Bd6 9. g3 Qh3 10. Qc2 O-O 11. f3 Nf6 12. c5 Be7 13. Nc3 g6 14. Re1 Rfe8 15.
Bf4 c6 16. Re5 Nh5 17. Bf1 Nxf4 18. Bxh3 Nxh3+ 19. Kg2 Bf6 20. Rxe8+ Rxe8 21.
Qd2 h5 22. Re1 Rxe1 23. Qxe1 Ng5 24. Ne2 Bf5 25. Nf4 Bxd4 26. Qb4 Be3 27. Qxb7
h4 28. Qb8+ Kh7 29. g4 Ne6 30. Nxd5 h3+ 31. Kxh3 Ng5+ 32. Kg2 cxd5 33. gxf5
Bxc5 34. b4 1-0

[Event "GBR-ch76"]
[Site "Plymouth"]
[Date "1989.08.07"]
[Round "7.9"]
[White "Conquest, Stuart C"]
[Black "Lewis, Andrew P"]
[Result "1-0"]
[WhiteElo "2515"]
[BlackElo "2285"]
[PlyCount "85"]
[EventDate "1989.07.31"]
[EventType "swiss"]
[EventRounds "11"]
[EventCountry "GBR"]
[SourceTitle "BritBase"]
[Source "John Saunders"]
[SourceDate "2023.12.16"]
[SourceVersion "1"]
[SourceVersionDate "2023.12.16"]
[SourceQuality "1"]

1. e4 c5 2. Nf3 d6 3. d4 cxd4 4. Nxd4 Nf6 5. Nc3 Nc6 6. Bg5 e6 7. Qd2 a6 8.
O-O-O Bd7 9. f4 h6 10. Bh4 g5 11. fxg5 Ng4 12. Nf3 hxg5 13. Bxg5 f6 14. Bf4 e5
15. g3 exf4 16. gxf4 Qa5 17. Kb1 O-O-O 18. Bg2 Qc5 19. Rde1 Be6 20. h3 Nh6 21.
Nd5 Kb8 22. Re3 f5 23. Ng5 Bc8 24. b4 Qa7 25. Rd1 Bg7 26. Rd3 fxe4 27. Bxe4
Rhe8 28. a4 Ne7 29. a5 Nxd5 30. Rxd5 Bf8 31. Qd3 b5 32. f5 Nf7 33. Ne6 Bxe6 34.
fxe6 Ne5 35. Rxe5 dxe5 36. Qxd8+ Rxd8 37. Rxd8+ Kc7 38. Rd7+ Kb8 39. Rxa7 Kxa7
40. h4 Kb8 41. h5 Kc7 42. c4 bxc4 43. b5 1-0

[Event "GBR-ch76"]
[Site "Plymouth"]
[Date "1989.08.07"]
[Round "7.10"]
[White "Crawley, Gavin"]
[Black "Motwani, Paul"]
[Result "1/2-1/2"]
[WhiteElo "2380"]
[BlackElo "2490"]
[PlyCount "120"]
[EventDate "1989.07.31"]
[EventType "swiss"]
[EventRounds "11"]
[EventCountry "GBR"]
[SourceTitle "BritBase"]
[Source "John Saunders"]
[SourceDate "2023.12.16"]
[SourceVersion "1"]
[SourceVersionDate "2023.12.16"]
[SourceQuality "1"]

1. e4 e5 2. Nf3 Nc6 3. Bb5 Bb4 4. c3 Ba5 5. d4 exd4 6. b4 Bb6 7. cxd4 Nge7 8.
O-O O-O 9. d5 Nxb4 10. d6 cxd6 11. Nc3 d5 12. exd5 d6 13. a3 Na6 14. Bxa6 bxa6
15. Nd4 Bb7 16. Bb2 Qd7 17. Qd3 Ng6 18. Rad1 Rac8 19. Qg3 Rc4 20. Ne4 f5 21.
Qxd6 Rd8 22. Qxd7 Rxd7 23. Ng3 f4 24. Ngf5 Rxd5 25. Rfe1 Ba5 26. Re7 Nxe7 27.
Nxe7+ Kf7 28. Nxd5 Bxd5 29. h4 Bb6 30. Kh2 g6 31. Rd2 Bc7 32. f3 Bb6 33. Ne2
Be6 34. Bd4 Bxd4 35. Rxd4 Rxd4 36. Nxd4 Bc4 37. Kh3 Kf6 38. Kg4 Ke5 39. Nc6+
Kd6 40. Nd4 Bf1 41. Kxf4 Bxg2 42. Nc2 Bf1 43. Kg5 Ke5 44. Kh6 Kf4 45. Ne1 Bh3
46. Nd3+ Kxf3 47. Ne5+ Kf4 48. Nd3+ Kg3 49. Kg5 Bf5 50. Ne5 h6+ 51. Kxh6 Kxh4
52. Nxg6+ Kg4 53. Kg7 Be4 54. Kf6 Kf3 55. Ne7 Ke3 56. Ke5 Bg2 57. Nd5+ Kd2 58.
Kd4 Bxd5 59. Kxd5 Kc3 60. a4 a5 1/2-1/2

[Event "GBR-ch76"]
[Site "Plymouth"]
[Date "1989.08.07"]
[Round "7.11"]
[White "Muir, Andrew J"]
[Black "Beaumont, Chris R"]
[Result "0-1"]
[WhiteElo "2250"]
[BlackElo "2460"]
[PlyCount "128"]
[EventDate "1989.07.31"]
[EventType "swiss"]
[EventRounds "11"]
[EventCountry "GBR"]
[SourceTitle "BritBase"]
[Source "John Saunders"]
[SourceDate "2023.12.16"]
[SourceVersion "1"]
[SourceVersionDate "2023.12.16"]
[SourceQuality "1"]

1. e4 d6 2. d4 Nf6 3. Nc3 g6 4. f4 Bg7 5. Nf3 c5 6. Bb5+ Nc6 7. e5 Nd7 8. d5
Nd4 9. Nxd4 cxd4 10. Qxd4 O-O 11. Bxd7 Qxd7 12. O-O Qf5 13. Re1 Qxc2 14. Re2
Qf5 15. Bd2 b6 16. Nb5 Ba6 17. a4 Qd7 18. Qd3 dxe5 19. fxe5 Rfd8 20. d6 Bxb5
21. axb5 exd6 22. exd6 Qg4 23. Re7 Qd4+ 24. Qxd4 Bxd4+ 25. Be3 Bxe3+ 26. Rxe3
Rxd6 27. Re7 Kg7 28. h3 Rd5 29. Rf1 Rf8 30. Rxa7 Rxb5 31. Rf2 g5 32. Rb7 Kg6
33. g4 f5 34. gxf5+ Rfxf5 35. Rc2 h5 36. Kg2 Rb3 37. Rc6+ Rf6 38. Rc2 Rd6 39.
Rb8 Rbd3 40. Re8 Rd2+ 41. Re2 Rxe2+ 42. Rxe2 Kf5 43. Rf2+ Ke5 44. Re2+ Kd5 45.
Rd2+ Kc5 46. Re2 b5 47. Kf3 Rd3+ 48. Kg2 Kc4 49. Rc2+ Kb4 50. Re2 Rd5 51. Kf3
Kb3 52. Kg3 b4 53. Kf3 Rd3+ 54. Kg2 h4 55. Kh2 Rd5 56. Kg2 Rc5 57. Re4 Rc4 58.
Re5 g4 59. hxg4 Rxg4+ 60. Kh3 Rc4 61. Re2 Rc2 62. Re4 Rxb2 63. Rxh4 Rf2 64. Kg3
Rf8 0-1

[Event "GBR-ch76"]
[Site "Plymouth"]
[Date "1989.08.07"]
[Round "7.12"]
[White "Pigott, John C"]
[Black "Murugan, Krishnamoorthy"]
[Result "1/2-1/2"]
[WhiteElo "2370"]
[BlackElo "2450"]
[PlyCount "101"]
[EventDate "1989.07.31"]
[EventType "swiss"]
[EventRounds "11"]
[EventCountry "GBR"]
[SourceTitle "BritBase"]
[Source "John Saunders"]
[SourceDate "2023.12.16"]
[SourceVersion "1"]
[SourceVersionDate "2023.12.16"]
[SourceQuality "1"]

1. c4 e6 2. Nc3 d5 3. d4 Nf6 4. cxd5 exd5 5. Bg5 Be7 6. e3 O-O 7. Bd3 c6 8. Qc2
Nbd7 9. Nf3 Re8 10. h3 Nf8 11. O-O Nh5 12. Bxe7 Qxe7 13. Rab1 Nf6 14. b4 a6 15.
a4 Be6 16. b5 axb5 17. axb5 c5 18. dxc5 Qxc5 19. Rfc1 Rec8 20. Qd1 Qe7 21. Nd4
N8d7 22. Nce2 Nc5 23. Nf4 Nce4 24. Rxc8+ Rxc8 25. Rc1 Nc5 26. Bb1 g6 27. Rc3
Nce4 28. Rxc8+ Bxc8 29. Qc2 Nc5 30. Qa2 Be6 31. Qa7 Qd6 32. Bc2 Nfd7 33. Bd1
Nf6 34. Be2 Nfe4 35. Bf1 Nf6 36. g3 g5 37. Nfe2 h6 38. Nc3 Nfe4 39. Nxe4 dxe4
40. Nxe6 fxe6 41. Qa8+ Qf8 42. Qa2 Qd6 43. Qe2 Kg7 44. h4 Qd5 45. hxg5 hxg5 46.
Qb2+ e5 47. Qc2 b6 48. Bc4 Qd6 49. Qe2 Kg6 50. Qg4 Qd7 51. Qxd7 1/2-1/2

[Event "GBR-ch76"]
[Site "Plymouth"]
[Date "1989.08.07"]
[Round "7.13"]
[White "Haque, Rezaul"]
[Black "McNab, Colin Anderson"]
[Result "1/2-1/2"]
[WhiteElo "2285"]
[BlackElo "2435"]
[PlyCount "92"]
[EventDate "1989.07.31"]
[EventType "swiss"]
[EventRounds "11"]
[EventCountry "GBR"]
[SourceTitle "BritBase"]
[Source "John Saunders"]
[SourceDate "2023.12.16"]
[SourceVersion "1"]
[SourceVersionDate "2023.12.16"]
[SourceQuality "1"]

1. d4 d6 2. c4 e5 3. Nf3 e4 4. Nfd2 f5 5. e3 Nf6 6. Nc3 c6 7. d5 g6 8. dxc6
Nxc6 9. Nb3 Be6 10. Nd4 Bf7 11. Be2 Be7 12. b3 O-O 13. Bb2 Ne8 14. Qd2 Nxd4 15.
Qxd4 Bf6 16. Qd2 Be5 17. O-O-O Qf6 18. Nd5 Bxb2+ 19. Qxb2 Qxb2+ 20. Kxb2 Kg7
21. Rd2 Bxd5 22. Rxd5 Rc8 23. b4 f4 24. exf4 Rxf4 25. Rf1 Rc7 26. Rd4 Rcf7 27.
f3 exf3 28. Rxf4 Rxf4 29. Rxf3 Re4 30. Bd3 Re1 31. Rf2 Nf6 32. Re2 Rxe2+ 33.
Bxe2 Kf7 34. Kc3 Ke6 35. Kd4 b6 36. Bf3 g5 37. a4 h5 38. h3 Kf5 39. g3 h4 40.
gxh4 gxh4 41. c5 bxc5+ 42. bxc5 dxc5+ 43. Kxc5 Kf4 44. Bb7 Ne4+ 45. Kc6 a5 46.
Kb6 Nc3 1/2-1/2

[Event "GBR-ch76"]
[Site "Plymouth"]
[Date "1989.08.07"]
[Round "7.14"]
[White "Ledger, Andrew J"]
[Black "Wells, Peter K"]
[Result "1-0"]
[WhiteElo "2225"]
[BlackElo "2400"]
[PlyCount "59"]
[EventDate "1989.07.31"]
[EventType "swiss"]
[EventRounds "11"]
[EventCountry "GBR"]
[SourceTitle "BritBase"]
[Source "John Saunders"]
[SourceDate "2023.12.16"]
[SourceVersion "1"]
[SourceVersionDate "2023.12.16"]
[SourceQuality "1"]

1. Nf3 Nf6 2. g3 d5 3. Bg2 c6 4. O-O Bg4 5. b3 Nbd7 6. Bb2 e6 7. d3 Be7 8. Nbd2
a5 9. a4 O-O 10. h3 Bh5 11. e4 Ne8 12. Qe2 Nc7 13. e5 f5 14. Ba3 b5 15. Bxe7
Qxe7 16. Qe3 Bxf3 17. Nxf3 Qb4 18. Nd4 Ra6 19. c4 bxc4 20. bxc4 Rb8 21. Rfc1
Qb2 22. Kh1 h6 23. f4 Rb4 24. Qg1 c5 25. Nb5 Rc6 26. Qd1 Nb6 27. Qh5 Rxa4 28.
Rab1 Qf2 29. Nxc7 Ra2 30. Rg1 1-0

[Event "GBR-ch76"]
[Site "Plymouth"]
[Date "1989.08.07"]
[Round "7.16"]
[White "Cooper, John Grantley"]
[Black "Burgess, Graham K"]
[Result "1-0"]
[WhiteElo "2390"]
[BlackElo "2350"]
[PlyCount "55"]
[EventDate "1989.07.31"]
[EventType "swiss"]
[EventRounds "11"]
[EventCountry "GBR"]
[SourceTitle "BritBase"]
[Source "John Saunders"]
[SourceDate "2023.12.16"]
[SourceVersion "1"]
[SourceVersionDate "2023.12.16"]
[SourceQuality "1"]

1. Nf3 Nf6 2. c4 g6 3. Nc3 Bg7 4. e4 d6 5. d4 O-O 6. Be2 e5 7. d5 a5 8. Bg5 h6
9. Bh4 Na6 10. Nd2 Qe8 11. a3 Bd7 12. b3 Nh7 13. O-O f5 14. f3 g5 15. Bf2 Nf6
16. Rb1 Qg6 17. b4 axb4 18. axb4 g4 19. fxg4 Nxe4 20. Ncxe4 fxe4 21. Be3 Rxf1+
22. Nxf1 Bf6 23. c5 dxc5 24. bxc5 Be7 25. d6 cxd6 26. Rxb7 Qe6 27. cxd6 Bf8 28.
Rxd7 1-0

[Event "GBR-ch76"]
[Site "Plymouth"]
[Date "1989.08.07"]
[Round "7.17"]
[White "Ravi, Lanka"]
[Black "Cullip, Stephen J"]
[Result "1-0"]
[WhiteElo "2410"]
[BlackElo "2300"]
[PlyCount "63"]
[EventDate "1989.07.31"]
[EventType "swiss"]
[EventRounds "11"]
[EventCountry "GBR"]
[SourceTitle "BritBase"]
[Source "John Saunders"]
[SourceDate "2023.12.16"]
[SourceVersion "1"]
[SourceVersionDate "2023.12.16"]
[SourceQuality "1"]

1. d4 Nf6 2. c4 e6 3. Nc3 Bb4 4. e3 b6 5. Nge2 Bb7 6. a3 Be7 7. d5 O-O 8. g3 b5
9. b3 bxc4 10. bxc4 Na6 11. Bg2 Nc5 12. O-O Rb8 13. a4 Re8 14. Qc2 c6 15. Rd1
Qc7 16. Nd4 Na6 17. d6 Qxd6 18. Nxc6 Nb4 19. Nxb4 Qxb4 20. Rb1 Qxc4 21. Rxb7
Rxb7 22. Bxb7 d5 23. Qd3 Qxd3 24. Rxd3 Rb8 25. Ba6 Bb4 26. Na2 Bf8 27. Rc3 Ne4
28. Rc8 Rb3 29. Kg2 Nc5 30. Be2 Nxa4 31. Bd1 Nb6 32. Rxf8+ 1-0

[Event "GBR-ch76"]
[Site "Plymouth"]
[Date "1989.08.07"]
[Round "7.18"]
[White "Ruxton, Keith"]
[Black "Hebden, Mark L"]
[Result "0-1"]
[WhiteElo "2325"]
[BlackElo "2520"]
[PlyCount "74"]
[EventDate "1989.07.31"]
[EventType "swiss"]
[EventRounds "11"]
[EventCountry "GBR"]
[SourceTitle "BritBase"]
[Source "John Saunders"]
[SourceDate "2023.12.16"]
[SourceVersion "1"]
[SourceVersionDate "2023.12.16"]
[SourceQuality "1"]

1. e4 e5 2. Nf3 Nc6 3. Bb5 a6 4. Ba4 Nf6 5. d3 b5 6. Bb3 d6 7. c3 Be7 8. Nbd2
O-O 9. Nf1 Na5 10. Bc2 c5 11. h3 Re8 12. g4 d5 13. g5 Nd7 14. Ng3 Bb7 15. Qe2
c4 16. O-O cxd3 17. Bxd3 Nc5 18. Bc2 dxe4 19. Nxe4 Qd5 20. Re1 Rad8 21. b3 Nd3
22. Bxd3 Qxd3 23. Qxd3 Rxd3 24. Nxe5 Rxh3 25. Ng3 h5 26. gxh6 Bf6 27. Bf4 Rh4
28. Nd3 Rd8 29. Bc7 Rxd3 30. Bxa5 Rxh6 31. Rad1 Rf3 32. c4 bxc4 33. bxc4 Bh4
34. Bc7 Bxg3 35. Bxg3 Rf4 36. f3 Rxf3 37. Bf2 Rh1+ 0-1

[Event "GBR-ch76"]
[Site "Plymouth"]
[Date "1989.08.07"]
[Round "7.19"]
[White "Kosten, Anthony C"]
[Black "Collinson, Adam"]
[Result "1-0"]
[WhiteElo "2500"]
[BlackElo "2285"]
[PlyCount "73"]
[EventDate "1989.07.31"]
[EventType "swiss"]
[EventRounds "11"]
[EventCountry "GBR"]
[SourceTitle "BritBase"]
[Source "John Saunders"]
[SourceDate "2023.12.16"]
[SourceVersion "1"]
[SourceVersionDate "2023.12.16"]
[SourceQuality "1"]

1. e4 c5 2. Nf3 d6 3. d4 cxd4 4. Nxd4 Nf6 5. Nc3 a6 6. f4 e6 7. Bd3 Nc6 8. Nxc6
bxc6 9. O-O Qc7 10. Qe2 d5 11. Bd2 Be7 12. Rae1 O-O 13. Kh1 Re8 14. e5 Nd7 15.
Na4 Nc5 16. Nxc5 Bxc5 17. c4 a5 18. Rc1 Qb6 19. b3 Bd7 20. Rf3 g6 21. Be1 Be7
22. Rh3 f5 23. exf6 Bxf6 24. Bf2 c5 25. Qg4 Re7 26. Bxg6 hxg6 27. Qxg6+ Bg7 28.
cxd5 Rc8 29. f5 Rf7 30. Rh7 Rc7 31. f6 Bb5 32. Rxc5 Bd3 33. Rxg7+ Rxg7 34. Qe8+
Kh7 35. Qh5+ Kg8 36. fxg7 Kxg7 37. Qe5+ 1-0

[Event "GBR-ch76"]
[Site "Plymouth"]
[Date "1989.08.07"]
[Round "7.20"]
[White "Lane, Gary William"]
[Black "Carr, Neil L"]
[Result "0-1"]
[WhiteElo "2385"]
[BlackElo "2315"]
[PlyCount "72"]
[EventDate "1989.07.31"]
[EventType "swiss"]
[EventRounds "11"]
[EventCountry "GBR"]
[SourceTitle "BritBase"]
[Source "John Saunders"]
[SourceDate "2023.12.16"]
[SourceVersion "1"]
[SourceVersionDate "2023.12.16"]
[SourceQuality "1"]

1. e4 d6 2. d4 Nf6 3. Nc3 g6 4. Be3 Bg7 5. Qd2 O-O 6. f3 e5 7. O-O-O exd4 8.
Bxd4 Be6 9. Nge2 Nc6 10. Be3 Ne5 11. Nf4 Bc4 12. Nd3 Nxd3+ 13. Bxd3 Bxd3 14.
Qxd3 Nd7 15. h4 Ne5 16. Qe2 f5 17. exf5 Rxf5 18. Rh3 Qf8 19. Kb1 Re8 20. f4 Nc6
21. Qd3 Qf7 22. g4 Nb4 23. gxf5 Nxd3 24. Rxd3 Qxf5 25. Bd2 c6 26. h5 Re6 27.
hxg6 Rxg6 28. a3 Qf7 29. Ne2 Rg2 30. Rde3 Qd7 31. Rh5 c5 32. Rg5 Qb5 33. Nc3
Qf1+ 34. Re1 Qf3 35. Rf5 h6 36. Ne4 Re2 0-1

[Event "GBR-ch76"]
[Site "Plymouth"]
[Date "1989.08.07"]
[Round "7.21"]
[White "Kinsman, Andrew PH"]
[Black "Ward, Christopher G"]
[Result "0-1"]
[WhiteElo "2330"]
[BlackElo "2380"]
[PlyCount "54"]
[EventDate "1989.07.31"]
[EventType "swiss"]
[EventRounds "11"]
[EventCountry "GBR"]
[SourceTitle "BritBase"]
[Source "John Saunders"]
[SourceDate "2023.12.16"]
[SourceVersion "1"]
[SourceVersionDate "2023.12.16"]
[SourceQuality "1"]

1. d4 Nf6 2. Nf3 e6 3. c4 c5 4. d5 b5 5. Bg5 h6 6. Bxf6 Qxf6 7. Nc3 b4 8. Nb5
Kd8 9. e4 g5 10. e5 Qg7 11. g4 Bb7 12. Qa4 a5 13. O-O-O exd5 14. cxd5 d6 15.
Nxd6 Bxd6 16. exd6 Nd7 17. Qb5 Bc8 18. Qc6 Ra7 19. Bd3 a4 20. Rhe1 a3 21. Ne5
Re8 22. Nc4 Ba6 23. Bf5 axb2+ 24. Kb1 Rxe1 25. Rxe1 Qc3 26. Re8+ Kxe8 27. Bxd7+
Kf8 0-1

[Event "GBR-ch76"]
[Site "Plymouth"]
[Date "1989.08.07"]
[Round "7.22"]
[White "Nicholson, John Graham"]
[Black "Lalic, Susan Kathryn"]
[Result "1-0"]
[WhiteElo "2295"]
[BlackElo "2345"]
[PlyCount "55"]
[EventDate "1989.07.31"]
[EventType "swiss"]
[EventRounds "11"]
[EventCountry "GBR"]
[SourceTitle "BritBase"]
[Source "John Saunders"]
[SourceDate "2023.12.16"]
[SourceVersion "1"]
[SourceVersionDate "2023.12.16"]
[SourceQuality "1"]

1. e4 g6 2. d4 Bg7 3. Nc3 c6 4. Bc4 d5 5. exd5 b5 6. Bb3 b4 7. Nce2 cxd5 8. Bd2
a5 9. a3 bxa3 10. Rxa3 Nc6 11. Nf3 e6 12. Ba4 Nge7 13. h4 O-O 14. h5 Ba6 15.
hxg6 hxg6 16. Qc1 Rc8 17. Bh6 Nf5 18. Bxg7 Kxg7 19. Bxc6 Rxc6 20. g4 Bxe2 21.
Kxe2 Qc8 22. Kd1 Nd6 23. Ne5 Rc7 24. Rah3 Kf6 25. Rh7 Ne4 26. Qf4+ Ke7 27.
Nxg6+ Kd8 28. Rh8 1-0

[Event "GBR-ch76"]
[Site "Plymouth"]
[Date "1989.08.07"]
[Round "7.23"]
[White "Large, Peter G"]
[Black "Forbes, Cathy"]
[Result "1-0"]
[WhiteElo "2340"]
[BlackElo "2055"]
[PlyCount "53"]
[EventDate "1989.07.31"]
[EventType "swiss"]
[EventRounds "11"]
[EventCountry "GBR"]
[SourceTitle "BritBase"]
[Source "John Saunders"]
[SourceDate "2023.12.16"]
[SourceVersion "1"]
[SourceVersionDate "2023.12.16"]
[SourceQuality "1"]

1. e4 c5 2. Nf3 e6 3. d4 cxd4 4. Nxd4 a6 5. Nc3 Qc7 6. Be2 Bb4 7. O-O Bxc3 8.
bxc3 Qxc3 9. Rb1 Nf6 10. Bf3 Nc6 11. Nxc6 bxc6 12. Qd6 Qa5 13. Ba3 Qd8 14. Rb3
a5 15. Rfb1 c5 16. Bxc5 Ra6 17. Rb6 Ra7 18. Rb8 Rc7 19. Bb6 Rc6 20. Bxd8 Rxd6
21. Bxf6 Rc6 22. Bxg7 Rg8 23. Bf6 Rxc2 24. e5 d5 25. Bd1 Rc4 26. Ba4+ Kf8 27.
Bd7 1-0

[Event "GBR-ch76"]
[Site "Plymouth"]
[Date "1989.08.08"]
[Round "8.1"]
[White "Plaskett, H James"]
[Black "Mestel, A Jonathan"]
[Result "0-1"]
[WhiteElo "2460"]
[BlackElo "2520"]
[PlyCount "68"]
[EventDate "1989.07.31"]
[EventType "swiss"]
[EventRounds "11"]
[EventCountry "GBR"]
[SourceTitle "BritBase"]
[Source "John Saunders"]
[SourceDate "2023.12.16"]
[SourceVersion "1"]
[SourceVersionDate "2023.12.16"]
[SourceQuality "1"]

1. e4 c5 2. c3 e6 3. d4 d5 4. exd5 exd5 5. Nf3 Nc6 6. Be3 cxd4 7. Bxd4 a6 8.
Qe2+ Be6 9. g3 Nge7 10. Nbd2 Nf5 11. Nb3 Bd6 12. Bg2 O-O 13. O-O Re8 14. Rfe1
Nfxd4 15. Nfxd4 Qf6 16. Nxe6 fxe6 17. c4 Bb4 18. Red1 Kh8 19. a3 Ba5 20. Nc5
Bb6 21. Nd7 Qd8 22. Nxb6 Qxb6 23. b4 Rad8 24. Rac1 Qc7 25. b5 axb5 26. cxd5
exd5 27. Qxb5 d4 28. Bxc6 bxc6 29. Rxc6 Qd7 30. Rc5 Qd6 31. Qc6 Qe7 32. Rd3 Qe2
33. Qa6 Rf8 34. f4 Rb8 0-1

[Event "GBR-ch76"]
[Site "Plymouth"]
[Date "1989.08.08"]
[Round "8.2"]
[White "McDonald, Neil R"]
[Black "Chandler, Murray G"]
[Result "0-1"]
[WhiteElo "2360"]
[BlackElo "2585"]
[PlyCount "62"]
[EventDate "1989.07.31"]
[EventType "swiss"]
[EventRounds "11"]
[EventCountry "GBR"]
[SourceTitle "ChessBase 2017"]
[Source "ChessBase"]
[SourceDate "1990.06.01"]
[SourceVersion "1"]
[SourceVersionDate "1990.06.01"]
[SourceQuality "1"]

1. e4 c5 2. Nf3 Nc6 3. d4 cxd4 4. Nxd4 Nf6 5. Nc3 e5 6. Ndb5 d6 7. Bg5 a6 8.
Na3 b5 9. Nd5 Be7 10. Nxe7 Nxe7 11. Bxf6 gxf6 12. Qf3 f5 13. exf5 Bxf5 14. Bd3
Be6 15. O-O d5 16. Rad1 Qc7 17. Qf6 O-O-O 18. Rfe1 Nc6 19. Re3 e4 20. Be2 Qe5
21. Qh4 Qxb2 22. Rb1 Qe5 23. Bxb5 axb5 24. Nxb5 Kd7 25. f4 Qb8 26. Qf6 Qb6 27.
Kf2 Rhg8 28. Nc3 Rxg2+ 29. Kxg2 Qxe3 30. Qg7 Rb8 31. Rd1 Rb2 0-1